Stadtteile von Mannheim - Statistiken

Allgemein
  • Dieses Quiz wurde 162 mal gespielt
  • Das Durchschnittsergebnis liegt bei 12 aus 17
Antwortstatistiken
Einwohnerzahl
Innerhalb /
Außerhalb
Stadtteil % Korrekt
31.286 Innerhalb Innenstadt / Jungbusch
89%
24.982 Außerhalb Rheinau
80%
24.306 Außerhalb Waldhof
80%
29.956 Außerhalb Neckarau
78%
28.062 Außerhalb Käfertal
75%
32.645 Innerhalb Neckarstadt-Ost
74%
21.327 Innerhalb Neckarstadt-West
73%
4.418 Außerhalb Schönau
69%
12.728 Außerhalb Vogelstang
68%
14.688 Außerhalb Feudenheim
66%
13.853 Außerhalb Sandhofen
65%
16.406 Außerhalb Seckenheim
65%
22.385 Innerhalb Schwetzingerstadt/Oststadt
64%
13.148 Innerhalb Lindenhof
56%
7.387 Innerhalb Neuostheim/Neuhermsheim
53%
7.939 Außerhalb Wallstadt
53%
5.394 Außerhalb Friedrichsfeld
47%
Keine übereinstimmenden Quizze gefunden
Verteilung der Resultate
Anzahl Personen mit jedem Resultat
Perzentil nach korrekt beantworteten Fragen
Ihre Resultats-Entwicklung
Sie haben dieses Quiz noch nicht gespielt